Гражданские иски и теория права в Китае; Ч. 1

Dades bibliogràfiques
Autor principal: Бан Сюнь
Sumari:Книга на китайском языке.
Idioma:xinès
Publicat: Пекин, Изд-во Фан Чжэн, 2004
Matèries:
Format: MixedMaterials Llibre
KOHA link:https://koha.lib.tpu.ru/cgi-bin/koha/opac-detail.pl?biblionumber=118395

MARC

LEADER 00000nam0a2200000 4500
001 118395
005 20231101215452.0
010 |a 780107937X 
035 |a (RuTPU)RU\TPU\book\128115 
090 |a 118395 
100 |a 20070609d2004 km y0rusy50 ca 
101 0 |a chi 
102 |a CN 
105 |a y z 000zy 
200 1 |a Гражданские иски и теория права в Китае  |h Ч. 1  |f Бан Сюнь 
210 |a Пекин  |c Изд-во Фан Чжэн  |d 2004 
215 |a 363 с. 
300 |a Книга на китайском языке. 
606 1 |a Государство и право  |x Теория  |2 stltpush  |3 (RuTPU)RU\TPU\subj\8388  |9 35806 
610 1 |a право 
610 1 |a теория 
610 1 |a гражданское право 
610 1 |a гражданские иски 
610 1 |a Китай 
610 1 |a КНР 
686 |a Х63(5Кит)  |v LBC/SL-A  |2 rubbk 
700 0 |a Бан Сюнь 
801 1 |a RU  |b 63413507  |c 20070609  |g PSBO 
801 2 |a RU  |b 63413507  |c 20220602  |g PSBO 
942 |c BK